[Event "Monaco Sulava Memorial 1st"]
[Site "Monte Carlo"]
[Date "2019.11.29"]
[Round "8"]
[White "Pouvillon, Loan"]
[Black "Bergougnoux, Axel"]
[Result "0-1"]
[WhiteElo "1388"]
[BlackElo "2151"]
[PlyCount "79"]
[EventDate "2019.11.29"]
[EventType "swiss"]
[EventRounds "9"]
[EventCountry "MNC"]
[SourceTitle "CBM 193 Extra"]
[Source "ChessBase"]
[SourceDate "2020.01.31"]
[SourceVersion "1"]
[SourceVersionDate "2020.01.31"]
[SourceQuality "1"]

1. d4 Nf6 2. Bg5 Ne4 3. Bf4 c5 4. d5 d6 5. f3 Nf6 6. e4 g6 7. c3 Bg7 8. Bd3 0-0 9. Ne2 a6 10. 0-0 b5 11. a4 c4 12. Bc2 Bb7 13. axb5 axb5 14. Rxa8 Bxa8 15. Na3 Qb6+ 16. Kh1 Bb7 17. Bg3 Nfd7 18. Bf2 Nc5 19. Nd4 Ba6 20. Qe2 Nbd7 21. Rb1 Qb7 22. Nc6 Ne5 23. Nxe5 Bxe5 24. Qd2 Rb8 25. Bd4 Bg7 26. Bxg7 Kxg7 27. Qd4+ f6 28. h3 h5 29. f4 Nd7 30. Re1 Qb6 31. Qxb6 Rxb6 32. b4 cxb3 33. Bxb3 b4 34. cxb4 Rxb4 35. Bd1 Nc5 36. Bf3 Bd3 37. e5 Rxf4 38. e6 Ra4 39. Nb1 Ra1 40. Kh2 0-1